000 00352nam a22001577a 4500
005 20160629121420.0
008 160629b xxu||||| |||| 00| 0 eng d
041 _aeng
082 _b11019
100 _aChandra bankim
_93161
245 _aKrishan kanter will
260 _bShatiya Sangeet
300 _a67
650 _aManagement
_9241
942 _cBK
999 _c4629
_d4627